000 00910nam a2200289 a 4500
001 000013924
003 DO-SdBNP
005 20220929130907.0
007 000013924
008 091202t2002 dr 000 e spa d
020 _a9993461458
040 _aBPMSU
_bspa
_cBPMSU
082 _aRD864.08
_bE77e 2002
_222
100 1 _aEspinosa Martínez, César,
_d1948-
245 1 0 _aEspejo interior /
_cCésar Espinosa Martínez.
260 _aSanto Domingo :
_bCocolo,
_c2002.
_f
300 _a190 p. ;
_c22 cm.
500 _3Incluye datos biográficos del autor en la solapa de la cubierta
590 _6Inventariado, 2022/VM
650 4 _aEnsayos dominicanos
650 4 _aDiarios dominicanos
_xSelecciones de columnas, etc.
650 4 _aPolítica y cultura
650 4 _aLiteratura dominicana
730 0 _aÚltima Hora (República Dominicana)
910 _aVMateo V./Validado.
942 _2ddc
_cBK
999 _c8150
_d8150